00000000nam 2200000za 4500
0019.852834
003CaOODSP
00520221107154659
007cr |||||||||||
008180305s1971    onc    #o    f000 0 eng d
040 |aCaOODSP|beng
043 |an-cn---
0861 |aR32-452/1971E-PDF
24500|aIndian treaty notes |h[electronic resource] / |cprepared by T&HRC.
260 |aOttawa : |bTreaties and Historical Research Centre, |c1971.
300 |a1 v. (various pagings)
500 |aTitle from cover.
500 |aDigitized edition from print [produced by Indigenous and Northern Affairs Canada].
520 |a"Definition and assessment of Indian rights is not, and can not be, a simple matter of arranging selected documents, bearing the signatures or totems of Indian headmen, in chronological order and studying their conditions and the area covered by each"--Introduction, p. 2.
69207|2gccst|aIndians
69207|2gccst|aAgreements
69207|2gccst|aAboriginal rights
7102 |aTreaties and Historical Research Centre (Canada)
7101 |aCanada. |bIndian and Northern Affairs Canada.
85640|qPDF|s2.15 MB|uhttps://publications.gc.ca/collections/collection_2018/aanc-inac/R32-452-1971-eng.pdf